| Tag |
First Indicator |
Second Indicator |
Subfields |
| LEADER |
00000cam a2200000 a 4500 |
| 001 |
in00000008181 |
| 005 |
20151002080005.0 |
| 008 |
850404s1987 dcu b 00010 eng |
| 010 |
|
|
|a 85008026
|
| 020 |
|
|
|a 0878404295
|
| 020 |
|
|
|a 0878404236 (pbk.)
|
| 035 |
|
|
|a (OCoLC)11970642
|
| 035 |
|
|
|9 AAA0541AM
|
| 040 |
|
|
|a DLC
|c DLC
|d TXA
|d UtOrBLW
|
| 050 |
0 |
0 |
|a BF51
|b .M45 1987
|
| 082 |
0 |
|
|a 201/.9
|2 19
|
| 100 |
1 |
|
|a Meissner, W. W.
|q (William W.),
|d 1931-
|
| 245 |
1 |
0 |
|a Life and faith :
|b psychological perspectives on religious experience /
|c W.W. Meissner.
|
| 264 |
|
1 |
|a Washington, D.C. :
|b Georgetown University Press,
|c [1987]
|
| 264 |
|
4 |
|c ©1987
|
| 300 |
|
|
|a xviii, 310 pages ;
|c 24 cm.
|
| 336 |
|
|
|a text
|b txt
|2 rdacontent
|
| 337 |
|
|
|a unmediated
|b n
|2 rdamedia
|
| 338 |
|
|
|a volume
|b nc
|2 rdacarrier
|
| 504 |
|
|
|a Bibliography: pages [303]-310.
|
| 650 |
|
0 |
|a Psychology and religion.
|
| 999 |
|
|
|a MARS
|
| 999 |
f |
f |
|s 4343458f-622b-30e7-8f86-c81144c427f1
|i 29cad4bd-701a-363d-ac80-9e51643ed1f6
|t 0
|
| 952 |
f |
f |
|p ric
|a Texas A&M University
|b Rellis Campus
|c Joint Library Facility
|d Remote Storage
|t 0
|e BF51 .M45 1987
|h Library of Congress classification
|i unmediated -- volume
|m A14812628007
|
| 998 |
f |
f |
|a BF51 .M45 1987
|t 0
|l Remote Storage
|